000 00429pab a2200169 454500
008 180718b2008 xxu||||| |||| 00| 0 eng d
100 _aScott, Kenneth B.
245 _aThe Scottish crime and drug enforcement agency: from common police service to `MACFBI'
260 _c2008
300 _ap.154-64.
650 _aDrugs
650 _aPolice
650 _aCrime
773 _aPolice Journal
908 _aN
909 _a80066
999 _c80066
_d80066